Sur la monocytose et les botryomycomes apparus dans un cas de sclérodactylie / par MM. Jacques Peyri et M. Charles Cardenal
Descripción Física:
7 p. : il. ; 25 cm
Otros Autores:
Cardenal y de Salas, Carlos
MARC
| LEADER | 00000nam a2200000Ia 4500 | ||
|---|---|---|---|
| 001 | 22562 | ||
| 008 | 160829s9999 xx 000 0 cat d | ||
| 080 | |a RF-15-102 | ||
| 100 | |a Peyri, Jacques |9 47605 | ||
| 245 | |a Sur la monocytose et les botryomycomes apparus dans un cas de sclérodactylie / par MM. Jacques Peyri et M. Charles Cardenal | ||
| 260 | |a París : |b Masson & Cie, [1929?] | ||
| 300 | |a 7 p. : |b il. ; |c 25 cm | ||
| 590 | |a Separata de: Bulletin de la Société française de dermatologie et de syphiligraphie. | ||
| 590 | |a Prové de 4157, exp. 97 | ||
| 650 | |a Dermatologia |9 47606 | ||
| 650 | |a Pell |x Malalties |9 47607 | ||
| 700 | |a Cardenal y de Salas, Carlos |9 47602 | ||
| 856 | 4 | |u https://media.diba.cat/diba/fitxers/arxiu/fulletons/bib_22562_1929_baixa.pdf |y Accés lliure | |
| 856 | 4 | |u https://media.diba.cat/diba/fitxers/arxiu/fulletons/bib_22562_1929_baixa.pdf |y Accés lliure | |
| 901 | |a Arxiu | ||
| 942 | |n 1 |2 udc | ||
| 952 | |0 0 |1 0 |4 0 |6 RF15102 |7 1 |9 53997 |a Arxiu |b Arxiu |d 2016-12-01 |l 0 |o RF-15-102 |p 22562 |r 2016-12-01 00:00:00 |w 2016-12-01 |y ARXIU | ||
| 999 | |c 57865 |d 57865 | ||
| 900 | |a bib_22562_1929_baixa.pdf | ||